Statistics for Country’s by flags

Click here to take the quiz!

General Stats

  • This quiz has been taken 15 times
  • The average score is 15 of 16

Answer Stats

Answer% Correct
Australia
100%
Brazil
100%
Canada
100%
China
100%
France
100%
Japan
100%
Spain
100%
Ukraine
100%
India
92%
Italy
92%
Norway
92%
Russia
92%
Chile
83%
Korea
83%
Vietnam
83%
Philippines
75%

Score Distribution

Percentile by Number Answered

Percent of People with Each Score

Your Score History

You have not taken this quiz